[Event "WYg18"]
[Site "Heraklio GRE"]
[Date "2004.11.11"]
[EventDate "2004.11.04"]
[Round "9"]
[Result "0-1"]
[White "Salome Melia"]
[Black "Marie Sebag"]
[WhiteElo "2326"]
[BlackElo "2428"]
[PlyCount "62"]

1.e4 c5 2.Nf3 d6 3.d4 cxd4 4.Nxd4 Nf6 5.Nc3 a6 6.Be3 e5 7.Nb3
Be6 8.f3 Be7 9.Qd2 O-O 10.O-O-O Nbd7 11.g4 b5 12.g5 b4 13.Ne2
Ne8 14.h4 a5 15.Kb1 a4 16.Nbc1 Nb6 17.Bxb6 Qxb6 18.f4 exf4
19.Nxf4 Nc7 20.Nce2 b3 21.cxb3 axb3 22.a3 d5 23.Qd4 Bc5 24.Qe5
Rfe8 25.Nxe6 Rxe6 26.Qf5 Bxa3 27.exd5 Qa5 28. Nd4 Nxd5 29.Bc4
Bxb2 30.Bxb3 Qa1+ 31.Kc2 Nb4+ 0-1

[Event "WYg18"]
[Site "Heraklio GRE"]
[Date "2004.11.12"]
[EventDate "2004.11.04"]
[Round "10"]
[Result "1-0"]
[White "Marie Sebag"]
[Black "Anna Burtasova"]
[WhiteElo "2428"]
[BlackElo "2273"]
[PlyCount "115"]

1.e4 c5 2.Nf3 e6 3.d4 cxd4 4.Nxd4 a6 5.c4 Nf6 6.Nc3 d6 7.Be3
b6 8.Be2 Bb7 9.f3 Nbd7 10.O-O Be7 11.Rc1 O-O 12.a3 Qc7 13.Qd2
Rfe8 14.b4 Rac8 15.Kh1 Qb8 16.Rc2 Bd8 17.Na4 Kh8 18.Rb1 Qa8
19.Rbc1 Rg8 20.Nb3 d5 21.cxd5 Rxc2 22.Qxc2 exd5 23.e5 Nxe5
24.Nxb6 Bxb6 25.Bxb6 Rc8 26.Qf5 Rxc1+ 27.Nxc1 Nc4 28.Bd4 Bc8
29.Qf4 Qc6 30.Bd3 Qe6 31.h3 Qd6 32.Qxd6 Nxd6 33.Kg1 Nc4
34.Bxc4 dxc4 35.Bxf6 gxf6 36.Kf2 Kg7 37.Ke3 Kg6 38.Ne2 Kf5
39.Kd4 Be6 40.g3 Bd7 41.Nc3 Bc6 42.Ne4 Ke6 43.Kxc4 f5 44.Nc5+
Kd6 45.f4 Bb5+ 46.Kd4 Bf1 47.a4 f6 48.h4 Be2 49.Nd3 Kc6 50.Nb2
Bf1 51.Nc4 Be2 52.Ne3 Bf3 53.Nxf5 Bd1 54. Ne7+ Kd6 55.Nd5 Bxa4
56.Nxf6 h6 57.Ne4+ Ke7 58.Ke5 1-0

[Event "WYg18"]
[Site "Heraklio GRE"]
[Date "2004.11.13"]
[EventDate "2004.11.04"]
[Round "11"]
[Result "1-0"]
[White "Jolanta Zawadzka"]
[Black "Marie Sebag"]
[WhiteElo "2329"]
[BlackElo "2428"]
[PlyCount "113"]

1.e4 c5 2.Nf3 d6 3.d4 cxd4 4.Nxd4 Nf6 5.Nc3 a6 6.Bg5 e6 7.f4
Qc7 8.Qf3 b5 9.O-O-O b4 10.Nce2 Nbd7 11.g4 Be7 12.Ng3 Bb7
13.Bxf6 Bxf6 14.g5 Bxd4 15. Rxd4 O-O 16.h4 Rac8 17.Rh2 Nc5
18.Kb1 e5 19.Rd1 exf4 20.Qxf4 Rfe8 21.Bh3 Rb8 22.Re2 Na4
23.Nf5 Rxe4 24.Rxe4 Bxe4 25.Nd4 Qc5 26.Rf1 Bg6 27.Bf5 Bxf5
28.Nxf5 Qe5 29.Qxe5 dxe5 30.Ne7+ Kf8 31.Nc6 Rb5 32.h5 Rc5
33.Nxb4 e4 34.g6 hxg6 35.hxg6 f5 36.c4 Ke7 37.Nd5+ Ke6 38.b3
Ke5 39.bxa4 Rxc4 40.Ne3 Rb4+ 41.Kc2 f4 42.Rxf4 Rxa4 43.Rf7
Rxa2+ 44.Kb3 Re2 45.Nc4+ Ke6 46.Ra7 Rg2 47. Rxa6+ Ke7 48.Kc3
Rg4 49.Ne3 Rg5 50.Kd4 Rg1 51.Kxe4 Re1 52.Kf4 Kf8 53.Ra8+ Ke7
54.Nf5+ Kf6 55.Ra6+ Re6 56.Rxe6+ Kxe6 57.Kg5 1-0

[Event "BC Masters"]
[Site "Bois Colombes FRA"]
[Date "2004.12.19"]
[EventDate "2004.12.19"]
[Round "1"]
[Result "1/2-1/2"]
[White "Marie Sebag"]
[Black "Cyril Marcelin"]
[WhiteElo "2428"]
[BlackElo "2453"]
[PlyCount "102"]

1.e4 c6 2.d4 d5 3.Nc3 dxe4 4.Nxe4 Bf5 5.Ng3 Bg6 6.h4 h6 7.Nf3
Nd7 8.h5 Bh7 9.Bd3 Bxd3 10.Qxd3 e6 11.Bf4 Qa5+ 12.Bd2 Qc7
13.O-O-O Ngf6 14.Ne4 O-O-O 15.g3 Nxe4 16.Qxe4 Bd6 17.c4 c5
18.Kb1 Nf6 19.Qe2 Rhe8 20.Bc3 cxd4 21.Nxd4 a6 22.Nf3 Qc5
23.Ne5 Bxe5 24.Bxe5 Ng4 25.Rxd8+ Rxd8 26.Bxg7 Nxf2 27.Rf1 Qf5+
28.Qc2 Qxh5 29.Bf6 Rd1+ 30.Rxd1 Qxd1+ 31.Qxd1 Nxd1 32.Bd4 e5
33.Bg1 f5 34.Kc2 Nxb2 35.Kxb2 b5 36.Kc3 bxc4 37.Kxc4 h5 38.Kd5
f4 39.gxf4 exf4 40.Bf2 Kb7 41.Kc5 a5 42.Kb5 a4 43.Kxa4 f3
44.Bh4 Kb6 45.Kb4 Ka6 46.a4 Kb6 47.a5+ Ka6 48.Ka4 Kb7 49.Kb5
Ka7 50.a6 Kb8 51.Kb6 Ka8 1/2-1/2

[Event "BC Masters"]
[Site "Bois Colombes FRA"]
[Date "2004.12.20"]
[EventDate "2004.12.19"]
[Round "2"]
[Result "0-1"]
[White "Marie Sebag"]
[Black "Manuel Apicella"]
[WhiteElo "2428"]
[BlackElo "2543"]
[PlyCount "98"]

1.e4 e6 2.d4 d5 3.Nd2 Nf6 4.e5 Nfd7 5.Bd3 c5 6.c3 b6 7.Bb5 a6
8.Ba4 a5 9. Ne2 Ba6 10.O-O b5 11.Bc2 Nc6 12.Nf3 b4 13.Re1 Bxe2
14.Qxe2 Be7 15.Be3 c4 16.a3 b3 17.Bb1 Nb6 18.g3 Na4 19.h4 h6
20.Nd2 Qd7 21.f4 g6 22.h5 gxh5 23. f5 Bg5 24.fxe6 Qxe6 25.Qxh5
O-O-O 26.Qf3 Ne7 27.Rf1 Rdg8 28.Kg2 Kb8 29.Rf2 Bxe3 30.Qxe3
Nxb2 31.Rf6 Nd1 32.Qe1 Qg4 33.Nf1 Rg5 34.Nh2 Qh5 35.Nf3 Rxg3+
36.Qxg3 Rg8 37.Bg6 Nxg6 38.e6+ Nf4+ 39.Rxf4 Rxg3+ 40.Kxg3 fxe6
41.Rxd1 Qg6+ 42.Rg4 Qc2 43.Rg8+ Ka7 44.Rf1 Qh7 45.Rd8 Qg6+
46.Kh3 Qf5+ 47.Kg2 b2 48.Rd7+ Kb6 49.Rd8 Kc7 0-1

[Event "BC Masters"]
[Site "Bois Colombes FRA"]
[Date "2004.12.21"]
[EventDate "2004.12.19"]
[Round "3"]
[Result "1-0"]
[White "Todor Todorov"]
[Black "Marie Sebag"]
[WhiteElo "2509"]
[BlackElo "2428"]
[PlyCount "171"]

1.d4 d5 2.Nc3 Nf6 3.Bg5 Nbd7 4.Qd3 e6 5.e4 dxe4 6.Nxe4 Be7
7.Nxf6+ Nxf6 8. Nf3 O-O 9.Qc4 b6 10.O-O-O Bb7 11.Bd3 a6
12.Rhe1 b5 13.Qc3 b4 14.Qd2 a5 15. Qf4 g6 16.Qh4 Nd5 17.Bxe7
Qxe7 18.Qxe7 Nxe7 19.Ne5 a4 20.f3 Rfd8 21.Be4 Rab8 22.Re3 Nd5
23.Bxd5 Rxd5 24.a3 Ba8 25.axb4 Rxb4 26.Rc3 Rb7 27.Rc5 Ra7
28.Rd3 f6 29.Rxd5 Bxd5 30.Nd7 Kf7 31.Nc5 Ra8 32.Ra3 Bc6 33.Kd2
g5 34.Rc3 Bd5 35.Nd3 Ra7 36.Nb4 Rb7 37.Nxd5 exd5 38.Kc1 Ke7
39.Rc5 Kd6 40.Ra5 Rb4 41.c3 Rb8 42.Rxa4 h5 43.Ra6+ c6 44.b4 h4
45.Kd2 Kd7 46.Kd3 Kd6 47.g3 hxg3 48.hxg3 Rb7 49.g4 Rb8 50.Ke3
Kd7 51.Kf2 Rf8 52.Ra4 Kd6 53.Ke3 Re8+ 54.Kd3 Rb8 55.Ra6 Rb7
56.Ra4 Kc7 57.c4 Kb6 58.Ra5 dxc4+ 59.Kxc4 Re7 60.Rf5 Re6 61.d5
cxd5+ 62.Rxd5 Kc6 63.b5+ Kb6 64.Kb4 Kc7 65.Kc5 Re3 66.Rf5 Re6
67.Kb4 Kb6 68.Rd5 Kc7 69.Rc5+ Kb7 70.Rf5 Kb6 71.Kc3 Kc7 72.Kd4
Rb6 73.f4 gxf4 74. Ke4 Rd6 75.Kxf4 Kb6 76.Kg3 Rd1 77.Rxf6+
Kxb5 78.Re6 Kc5 79.Kh4 Kd5 80.Re8 Rh1+ 81.Kg5 Rg1 82.Kf5 Kd6
83.g5 Kd7 84.Re4 Rf1+ 85.Kg6 Rg1 86.Kf6 1-0

[Event "BC Masters"]
[Site "Bois Colombes FRA"]
[Date "2004.12.23"]
[EventDate "2004.12.19"]
[Round "5"]
[Result "0-1"]
[White "Vladimir Okhotnik"]
[Black "Marie Sebag"]
[WhiteElo "2426"]
[BlackElo "2428"]
[PlyCount "108"]

1.f4 d5 2.Nf3 g6 3.e3 Bg7 4.Be2 Nf6 5.O-O O-O 6.d3 c5 7.a4 Nc6
8.Qe1 Re8 9.Ne5 Qc7 10.Qg3 Nd7 11.Nxc6 Qxc6 12.Nc3 d4 13.Bf3
Qc7 14.Nb5 Qd8 15.e4 a6 16.Na3 b6 17.h4 Bb7 18.h5 Qc7 19.hxg6
hxg6 20.Bd2 Bh6 21.Qh2 Kg7 22.e5 Rh8 23.g4 Bxf3 24.Rxf3 Nxe5
25.Qg2 Nxf3+ 26.Qxf3 Rac8 27.Re1 Kg8 28.Nc4 e6 29. b3 Qc6
30.Qg2 Bg7 31.Qxc6 Rxc6 32.Kg2 b5 33.Nb2 e5 34.fxe5 Re6 35.Bf4
f6 36.axb5 axb5 37.Nd1 fxe5 38.Nf2 Ra6 39.Bg3 Ra2 40.Re2 Kh7
41.Ne4 Rc8 42. Nd6 Rc6 43.Nxb5 e4 44.Rxe4 Rxc2+ 45.Kh3 Rd2
46.Re7 Rxd3 47.Nc7 Kg8 48.Nd5 Bf8 49.g5 Rd6 50.Re5 Rxb3 51.Kg4
Rd8 52.Nf6+ Kf7 53.Ne4 Re8 54.Nxc5 Rxg3+ 0-1

[Event "BC Masters"]
[Site "Bois Colombes FRA"]
[Date "2004.12.27"]
[EventDate "2004.12.19"]
[Round "7"]
[Result "1/2-1/2"]
[White "Andrei Shchekachev"]
[Black "Marie Sebag"]
[WhiteElo "2546"]
[BlackElo "2428"]
[PlyCount "29"]

1.d4 d5 2.c4 c6 3.Nf3 Nf6 4.e3 a6 5.Bd3 Bg4 6.Nbd2 e6 7.Qc2
Nbd7 8.b3 Bd6 9.Bb2 Qb8 10.O-O Bh5 11.h3 Bg6 12.Bxg6 hxg6
13.Rfe1 O-O 14.e4 dxe4 15.Nxe4 1/2-1/2

[Event "BC Masters"]
[Site "Bois Colombes FRA"]
[Date "2004.12.28"]
[EventDate "2004.12.19"]
[Round "8"]
[Result "1/2-1/2"]
[White "Marie Sebag"]
[Black "Thal Abergel"]
[WhiteElo "2428"]
[BlackElo "2428"]
[PlyCount "66"]

1.e4 c5 2.Nf3 d6 3.d4 Nf6 4.Nc3 cxd4 5.Nxd4 Nc6 6.Bg5 Bd7
7.Qd2 Rc8 8.Nxc6 Bxc6 9.f3 a6 10.O-O-O Qa5 11.Kb1 Nd7 12.Be3
e6 13.g4 Be7 14.g5 b5 15.Rg1 b4 16.Ne2 d5 17.Nd4 Bb7 18.f4 Nc5
19.Bg2 O-O 20.exd5 exd5 21.Nf5 Rc7 22. Bxd5 Rd8 23.Qg2 Rcd7
24.Nxe7+ Kf8 25.Bd4 Kxe7 26.Rde1+ Kf8 27.Bxc5+ Qxc5 28.Bxb7 g6
29.Be4 Rd2 30.Qg3 a5 31.Bd3 R8xd3 32.Qxd3 Rxd3 33.cxd3 Qd4
1/2-1/2

[Event "Gausdal Classics"]
[Site "Gausdal NOR"]
[Date "2005.04.16"]
[EventDate "2005.04.13"]
[Round "4"]
[Result "0-1"]
[White "Dimitri Reinderman"]
[Black "Marie Sebag"]
[WhiteElo "2509"]
[BlackElo "2417"]
[PlyCount "104"]

1. c4 e5 2. Nc3 Nf6 3. g3 Nc6 4. Bg2 Bc5 5. a3 a6 6. e3 O-O
7. Nge2 d6 8. d3 Ne7 9. O-O Ba7 10. Nd5 Ng6 11. b4 Nxd5
12. cxd5 h5 13. Bd2 h4 14. Rc1 h3 15. Bh1 Bg4 16. f3 Bd7
17. f4 Ne7 18. Nc3 Re8 19. Qf3 Nf5 20. Ne4 Nh6 21. fxe5 Rxe5
22. d4 Rf5 23. Qd1 Rxf1+ 24. Qxf1 Bb6 25. Qf4 Qe7 26. Nf2 Re8
27. g4 Qh4 28. Bf3 f5 29. g5 Qxf4 30. exf4 Ng4 31. Nxh3 Bxd4+
32. Kg2 Bb6 33. Kg3 Bb5 34. g6 Ne3 35. Ng5 Nf1+ 36. Rxf1 Bxf1
37. a4 Bc4 38. a5 Be3 39. Bc3 Re7 40. h4 Bc1 41. Ne6 c6
42. dxc6 bxc6 43. Ng5 Re3 44. Bd4 Rd3 45. Bb6 Bd5 46. h5 Bd2
47. Kf2 Bxf3 48. Nxf3 Bxb4 49. Nd4 Bxa5 50. Ba7 Rxd4 51. Bxd4
Bd2 52. Kf3 a5 0-1

[Event "GMB"]
[Site "Gausdal NOR"]
[Date "2005.04.18"]
[EventDate "2005.04.13"]
[Round "6"]
[Result "0-1"]
[White "Geir Sune Tallaksen Ostmoe"]
[Black "Marie Sebag"]
[WhiteElo "2326"]
[BlackElo "2417"]
[PlyCount "94"]

1.d4 d5 2.c4 c6 3.Nc3 Nf6 4.e3 a6 5.Qc2 e6 6.Nf3 c5 7.dxc5
Bxc5 8.a3 O-O 9.b4 Bd6 10.Bb2 a5 11.bxa5 Nc6 12.Nb5 Be7
13.cxd5 Nxd5 14.Bd3 Qxa5+ 15.Nd2 h6 16.O-O Bd7 17.Ne4 Ne5
18.Bxe5 Bxb5 19.Bxb5 Qxb5 20.Bd6 Rfc8 21.Qd2 Qc4 22.f3 Bd8
23.Rfc1 Qa6 24.Bc5 Ba5 25.Qd4 b6 26.Bd6 Qe2 27.Bf4 Rc2 28.Rxc2
Qxc2 29.Qd1 Rc8 30.Qxc2 Rxc2 31.h4 f5 32.Nf2 Bd2 33.Nd3 Rc3
34.Nb4 Nxf4 35.exf4 Bxf4 36.Kf2 Rb3 37.Ra2 Bd6 38.Nc2 Rb1
39.Ne3 Bc5 40.Ke2 Rh1 41.a4 Rxh4 42.a5 bxa5 43.Rxa5 Bxe3
44.Kxe3 Kf7 45.Ra7+ Kf6 46.Ra6 g5 47.Rb6 Ra4 0-1

[Event "GMB"]
[Site "Gausdal NOR"]
[Date "2005.04.19"]
[EventDate "2005.04.13"]
[Round "7"]
[Result "1/2-1/2"]
[White "Marie Sebag"]
[Black "Thomas Michalczak"]
[WhiteElo "2417"]
[BlackElo "2369"]
[PlyCount "63"]

1.e4 e5 2.Nf3 Nc6 3.Bc4 Bc5 4.c3 Nf6 5.d3 a6 6.Nbd2 Ba7 7.O-O
d6 8.Bb3 O-O 9.h3 Nd7 10.Bc2 f5 11.exf5 d5 12.d4 e4 13.Nh2 Ne7
14.Ng4 c5 15.dxc5 Nxc5 16.Nb3 Nxf5 17.Ne3 Nxb3 18.Bxb3 Be6
19.Qe2 Qd6 20.Rd1 Bxe3 21.Bxe3 Nh4 22. Qh5 Nf5 23.Qe2 Nh4
24.Bg5 Nxg2 25.Qxe4 dxe4 26.Rxd6 Bxb3 27.axb3 Nf4 28. Bxf4
Rxf4 29.Rd7 Raf8 30.Rxb7 Rxf2 31.Re1 R8f3 32.Rxe4 1/2-1/2

[Event "GMB"]
[Site "Gausdal NOR"]
[Date "2005.04.21"]
[EventDate "2005.04.13"]
[Round "9"]
[Result "1-0"]
[White "Jonas Barkhagen"]
[Black "Marie Sebag"]
[WhiteElo "2461"]
[BlackElo "2417"]
[PlyCount "81"]

1.d4 d5 2.c4 c6 3.Nf3 Nf6 4.Nc3 a6 5.e3 b5 6.b3 Bg4 7.Be2 Nbd7
8.O-O Qb8 9.h3 Bh5 10.Qc2 e6 11.a3 Be7 12.e4 dxe4 13.Nxe4 O-O
14.Re1 Re8 15.Ne5 Nxe5 16.Nxf6+ Bxf6 17.Bxh5 Ng6 18.Be3 c5
19.Rad1 bxc4 20.Qxc4 cxd4 21.Bxd4 Rc8 22.Bc5 Ne5 23.Qb4 g6
24.Be2 Qc7 25.Bd6 Qc3 26.Qxc3 Rxc3 27.Bxe5 Bxe5 28. Bf3 Rb8
29.Rxe5 Rbxb3 30.a4 Rb4 31.Ra1 Rc2 32.Ra5 Rb6 33.Kf1 f5 34.Re5
Kf7 35.Re2 Rc5 36.a5 Rd6 37.Rb2 e5 38.Rb7+ Ke6 39.Rb6 Ke7
40.Rxd6 Kxd6 41.Bb7 1-0

[Event "ch-FRA Top 16 Poule Haute"]
[Site "Port Barcares FRA"]
[Date "2005.05.05"]
[EventDate "2005.05.04"]
[Round "9"]
[Result "0-1"]
[White "Noel Guth"]
[Black "Marie Sebag"]
[WhiteElo "2137"]
[BlackElo "2417"]
[PlyCount "136"]

1.d4 d5 2.c4 c6 3.Nc3 Nf6 4.Nf3 a6 5.cxd5 cxd5 6.Bg5 Ne4 7.Bf4
Nc6 8.Qb3 e6 9.e3 f5 10.Ne5 Be7 11.f3 Nf6 12.Bd3 O-O 13.O-O
Na5 14.Qc2 Nh5 15.Bg3 Nxg3 16.hxg3 Bd6 17.f4 b5 18.Nf3 h6
19.Qe2 Bb7 20.Nd1 g5 21.Nf2 g4 22.Nxg4 fxg4 23.Nh4 h5 24.Bg6
Qf6 25.Bxh5 Qg7 26.Bxg4 Rf6 27.Kf2 Kf8 28.Bf3 Ke7 29.g4 Rc8
30.g3 Rff8 31.Rac1 Kd7 32.Qd3 Nc4 33.Rc2 Rh8 34.Rh1 Be7 35.g5
Bxg5 36.Qg6 Qxg6 37.Nxg6 Rxh1 38.Bxh1 Rg8 39.Ne5+ Nxe5 40.dxe5
Bd8 41.Bf3 Bb6 42.Re2 Rf8 43.Kg2 b4 44.g4 a5 45.Kg3 Ke7 46.g5
Ba6 47.Re1 Bd3 48.Bg4 Be4 49.Bf3 Kf7 50.Bg4 Rc8 51.Re2 Rc1
52.Bf3 a4 53.Bxe4 dxe4 54.Rh2 Bxe3 55.Rh7+ Kf8 56.Rh6 Rg1+
57.Kh2 Rg4 58.Rxe6 Rxf4 59.Kg3 Rf2 60.g6 Rxb2 61. Ra6 Rxa2
62.Kg4 Bc5 63.Kf5 e3 64.Rf6+ Kg8 65.Rc6 Rf2+ 66.Kg5 e2 67.Rxc5
e1=Q 68.Rc8+ Rf8 0-1

[Event "NAO win the French Team Cup"]
[Site "Paris FRA"]
[Date "2005.06.26"]
[EventDate "2005.06.26"]
[Round "1"]
[Result "1-0"]
[White "Joel Lautier"]
[Black "Marie Sebag"]
[WhiteElo "2678"]
[BlackElo "2417"]
[PlyCount "125"]

1. c4 e5 2. Nc3 Nf6 3. Nf3 Nc6 4. g3 Bc5 5. Bg2 d6 6. d3 h6
7. O-O a6 8. a3 O-O 9. b4 Ba7 10. Nd2 Ne7 11. a4 Ng6 12. Nb3
c6 13. b5 d5 14. Qc2 Be6 15. bxc6 bxc6 16. Ba3 Re8 17. a5 Qc8
18. cxd5 cxd5 19. Rac1 Rb8 20. Qd1 Qd7 21. Nc5 Bxc5 22. Bxc5
Bh3 23. e4 Bxg2 24. Kxg2 Rbd8 25. Qf3 d4 26. Nb1 Rc8 27. Nd2
Rc6 28. Rc4 Rec8 29. Rfc1 Qb7 30. Qf5 Nd7 31. Bd6 Rxc4
32. Rxc4 Rxc4 33. Nxc4 Qb5 34. h4 Ngf8 35. Nxe5 Nxe5 36. Qxe5
Qxe5 37. Bxe5 Ne6 38. Bd6 h5 39. f4 f6 40. Kf3 Kf7 41. f5 Nd8
42. e5 fxe5 43. Bc7 Nc6 44. Ke4 Kf6 45. Bb6 g6 46. fxg6 Kxg6
47. Kd5 Nb4+ 48. Kxe5 Nxd3+ 49. Kxd4 Nc1 50. Bc7 Kf5 51. Kc5
Ke6 52. Bf4 Nd3+ 53. Kb6 Kd5 54. Kxa6 Kc6 55. Ka7 Kb5 56. Bd2
Nc5 57. Kb8 Kc6 58. Be3 Na6+ 59. Kc8 Nb4 60. Bd2 Na6 61. Kd8
Kd6 62. Bf4+ Kd5 63. Ke7 1-0

[Event "15th European Team Championship (Women)"]
[Site "Gothenburg SWE"]
[Date "2005.07.30"]
[EventDate "2005.07.30"]
[Round "1"]
[Result "1-0"]
[White "Dagne Ciuksyte"]
[Black "Marie Sebag"]
[WhiteElo "2341"]
[BlackElo "2438"]
[PlyCount "55"]

1. e4 c5 2. Nf3 d6 3. d4 cxd4 4. Nxd4 Nf6 5. Nc3 a6 6. Bc4 e6
7. O-O Be7 8. a4 Bd7 9. Be3 Nc6 10. Kh1 Qc7 11. Qe2 Rc8
12. Ba2 O-O 13. Rad1 Nxd4 14. Rxd4 Bc6 15. Bg5 Qb6 16. Rd3
Rfe8 17. f4 Qb4 18. f5 exf5 19. Rxf5 Qxb2 20. Rf1 Qb4 21. Bxf6
Bxf6 22. Rxf6 gxf6 23. Qh5 Kh8 24. Qf5 Kg7 25. Rg3+ Kf8
26. Qxf6 d5 27. Bxd5 Bxd5 28. Qg7+ 1-0

[Event "15th European Team Championship (Women)"]
[Site "Gothenburg SWE"]
[Date "2005.07.31"]
[EventDate "2005.07.30"]
[Round "2"]
[Result "1-0"]
[White "Ketino Kachiani-Gersinska"]
[Black "Marie Sebag"]
[WhiteElo "2416"]
[BlackElo "2438"]
[PlyCount "73"]

1. d4 d5 2. c4 c6 3. Nf3 Nf6 4. e3 Bg4 5. Nc3 e6 6. h3 Bh5
7. g4 Bg6 8. Ne5 Nbd7 9. h4 dxc4 10. Nxg6 hxg6 11. g5 Nd5
12. Bxc4 N7b6 13. Bf1 Nxc3 14. bxc3 Qd5 15. Rh3 e5 16. Qg4 Be7
17. Bd2 Rd8 18. Bg2 Qb5 19. a4 Qb3 20. a5 Nc4 21. Qd1 Nxd2
22. Qxd2 Qe6 23. Qb2 Rd7 24. a6 b6 25. Qa2 Qg4 26. Rg3 Qf5
27. Bxc6 Rxh4 28. Qd5 exd4 29. Qxd7+ Qxd7 30. Bxd7+ Kxd7
31. O-O-O Bc5 32. cxd4 Bd6 33. Rg2 Ke6 34. Kd2 Kf5 35. Ra1 Rh8
36. Kd3 Bb4 37. Rb1 1-0

[Event "15th European Team Championship (Women)"]
[Site "Gothenburg SWE"]
[Date "2005.08.01"]
[EventDate "2005.07.30"]
[Round "3"]
[Result "1/2-1/2"]
[White "Marie Sebag"]
[Black "Margarita Voiska"]
[WhiteElo "2438"]
[BlackElo "2328"]
[PlyCount "135"]

1. e4 c5 2. c3 Nf6 3. e5 Nd5 4. d4 cxd4 5. Nf3 e6 6. cxd4 d6
7. Bc4 Nb6 8. Bd3 Nc6 9. O-O dxe5 10. dxe5 Nd7 11. Bf4 Be7
12. Nc3 Nc5 13. Be2 O-O 14. a3 a5 15. Nb5 b6 16. Qc2 Bb7
17. Rfd1 Qb8 18. Nd6 h6 19. Nd4 Nxd4 20. Rxd4 Bd5 21. Bc4 Bxc4
22. Qxc4 Qa7 23. Rad1 a4 24. Be3 f5 25. R4d2 Qa6 26. Bxc5 Qxc4
27. Nxc4 Bxc5 28. Rd7 b5 29. Nd6 Rfd8 30. Re7 Rab8 31. Rc7
Bxd6 32. exd6 Rb6 33. d7 Kf7 34. f4 Ke7 35. Kf2 Rd6 36. Rxd6
Kxd6 37. Rc8 Rxd7 38. Ke3 Ke7 39. h4 Kf6 40. g3 Rd5 41. h5 g6
42. hxg6 Kxg6 43. Rc6 Kf6 44. Rc7 h5 45. Rc8 Kg6 46. Rc6 Kf7
47. Rc7+ Kf6 48. Ke2 Rd4 49. Ke3 Re4+ 50. Kf3 b4 51. axb4 Rxb4
52. Rc2 Rb3+ 53. Kg2 e5 54. Rc6+ Ke7 55. fxe5 Rxb2+ 56. Kf3
Rb4 57. Rh6 Re4 58. Ra6 h4 59. gxh4 Rxh4 60. Kg3 Re4 61. Kf3
Kd7 62. e6+ Kc7 63. e7 Kd7 64. Ra7+ Ke8 65. Kg3 Rxe7 66. Rxa4
Kf7 67. Kf4 Kf6 68. Rb4 1/2-1/2

[Event "15th European Team Championship (Women)"]
[Site "Gothenburg SWE"]
[Date "2005.08.02"]
[EventDate "2005.07.30"]
[Round "4"]
[Result "1/2-1/2"]
[White "Nino Khurtsidze"]
[Black "Marie Sebag"]
[WhiteElo "2449"]
[BlackElo "2438"]
[PlyCount "119"]

1. d4 d5 2. c4 c6 3. Nf3 Nf6 4. Nc3 a6 5. c5 Nbd7 6. Bf4 Nh5
7. Bg5 g6 8. e4 h6 9. Be3 dxe4 10. Nxe4 Bg7 11. Qd2 Nhf6
12. Nc3 Ng4 13. Bc4 O-O 14. Rd1 Nxe3 15. Qxe3 Nf6 16. Ne5 e6
17. O-O Nd5 18. Qg3 Ne7 19. Ne4 Nf5 20. Qc3 Qc7 21. f4 Bd7
22. Be2 Rad8 23. Bg4 Bc8 24. Bxf5 exf5 25. Nd6 Be6 26. a4 Bd5
27. Rfe1 Kh7 28. a5 Rg8 29. Rd2 Bf8 30. Nec4 Bxc4 31. Qxc4
Bxd6 32. cxd6 Qxd6 33. Qxf7+ Rg7 34. Qe6 Qxf4 35. Red1 Rd5
36. b4 Qh4 37. g3 Qg5 38. Re2 f4 39. Re5 Rxe5 40. Qxe5 Qxe5
41. dxe5 fxg3 42. hxg3 Re7 43. Kg2 Kg8 44. Rd6 Kf7 45. Rf6+
Kg7 46. Rd6 Kf7 47. Rf6+ Kg7 48. Rd6 h5 49. Kf3 Rxe5 50. Rd7+
Kf6 51. Rxb7 Rb5 52. Rb6 Kf5 53. Rxa6 Rxb4 54. Rxc6 Rb3+
55. Kg2 Ra3 56. Rc5+ Kg4 57. Rc4+ Kf5 58. Rc5+ Kg4 59. Rc4+
Kf5 60. Rc5+ 1/2-1/2

[Event "15th European Team Championship (Women)"]
[Site "Gothenburg SWE"]
[Date "2005.08.03"]
[EventDate "2005.07.30"]
[Round "5"]
[Result "0-1"]
[White "Marie Sebag"]
[Black "Nadezhda Kosintseva"]
[WhiteElo "2438"]
[BlackElo "2490"]
[PlyCount "124"]

1. e4 c5 2. c3 Nf6 3. e5 Nd5 4. d4 cxd4 5. Nf3 Nc6 6. Bc4 Nb6
7. Bb3 d6 8. exd6 Qxd6 9. O-O Be6 10. Bxe6 Qxe6 11. Nxd4 Nxd4
12. Qxd4 Rd8 13. Qh4 Qe2 14. Be3 Qxb2 15. Nd2 Rxd2 16. Rab1
Qxc3 17. Bxd2 Qxd2 18. Rfd1 Qa5 19. Qe4 f6 20. Qxb7 Kf7
21. Re1 g5 22. Re2 h5 23. Rd1 h4 24. h3 g4 25. Qe4 gxh3
26. Qe6+ Kg7 27. Rd4 Rh5 28. Rg4+ Rg5 29. f4 Rxg4 30. Qxg4+
Kh6 31. f5 Qc5+ 32. Kh2 Qc7+ 33. Kxh3 Qg3+ 34. Qxg3 hxg3
35. Kg4 Nc4 36. Kf4 Kh5 37. Re1 Bh6+ 38. Kxg3 Be3 39. Kf3 Kg5
40. Ke4 Bb6 41. Kd5 Ne3+ 42. Ke6 Nxf5 43. Rc1 Ne3 44. Rc8 Kf4
45. Kxe7 Ke5 46. Rg8 f5 47. g3 Ng4 48. Rc8 Nf6 49. Kf7 Ne4
50. Re8+ Kd5 51. Rg8 Bc7 52. Ra8 a5 53. Kg6 Nxg3 54. Kg5 Kc6
55. Rh8 f4 56. Kg4 Ne4 57. Rh2 Kd5 58. Rc2 Be5 59. Kf3 Ng5+
60. Kg4 Ne6 61. Rc8 Ke4 62. Re8 f3 0-1

[Event "15th European Team Championship (Women)"]
[Site "Gothenburg SWE"]
[Date "2005.08.04"]
[EventDate "2005.07.30"]
[Round "6"]
[Result "1-0"]
[White "Tea Bosboom-Lanchava"]
[Black "Marie Sebag"]
[WhiteElo "2363"]
[BlackElo "2438"]
[PlyCount "85"]

1. d4 d5 2. Nf3 Nf6 3. c4 c6 4. Nc3 a6 5. a4 e6 6. Bg5 Nbd7
7. cxd5 exd5 8. e3 Be7 9. Bd3 O-O 10. Qc2 Re8 11. O-O a5
12. Ne5 Nf8 13. f4 Ng4 14. Bxe7 Qxe7 15. Rae1 f6 16. Nxg4 Bxg4
17. Qf2 Qb4 18. f5 Bh5 19. h3 Bf7 20. Re2 Re7 21. g4 h6 22. h4
Nh7 23. Qg3 Rae8 24. Kh1 c5 25. Rf4 c4 26. Bb1 b5 27. Qf3 bxa4
28. Nxd5 Bxd5 29. Qxd5+ Kh8 30. Re4 Rxe4 31. Bxe4 a3 32. bxa3
Qxa3 33. Qc6 Qc1+ 34. Kg2 Rf8 35. Qa4 Qc3 36. Bd5 Rc8 37. Qd7
Rf8 38. Qc6 h5 39. Qxc4 Qxc4 40. Bxc4 hxg4 41. Kg3 Rc8 42. Be6
Rc3 43. Rb2 1-0

[Event "15th European Team Championship (Women)"]
[Site "Gothenburg SWE"]
[Date "2005.08.06"]
[EventDate "2005.07.30"]
[Round "8"]
[Result "0-1"]
[White "Lenka Ptacnikova"]
[Black "Marie Sebag"]
[WhiteElo "2204"]
[BlackElo "2438"]
[PlyCount "72"]

1. e4 c5 2. d3 Nc6 3. g3 g6 4. Bg2 Bg7 5. f4 d6 6. Nf3 Nf6
7. O-O O-O 8. h3 Rb8 9. a4 a6 10. Nc3 Nd7 11. Be3 b5 12. axb5
axb5 13. d4 b4 14. Ne2 cxd4 15. Nexd4 Bb7 16. Nxc6 Bxc6
17. Nd4 Bb7 18. c3 Nc5 19. Qc2 Qb6 20. e5 Rfc8 21. exd6 exd6
22. Rfd1 Re8 23. Re1 Rbc8 24. Rad1 Bxg2 25. Qxg2 bxc3 26. bxc3
Qa5 27. Bf2 Rxe1+ 28. Bxe1 Qa4 29. Qf3 Ne4 30. Nb5 Re8 31. Nd4
d5 32. Kg2 Rc8 33. Rd3 Qa2+ 34. Qe2 Qc4 35. Qf3 Ra8 36. Re3
Bxd4 0-1

[Event "TCh-FRA Top 16 Gp A"]
[Site "Clichy FRA"]
[Date "2006.02.03"]
[EventDate "?"]
[Round "1"]
[Result "1-0"]
[White "Marie Sebag"]
[Black "Sebastien Romieux"]
[WhiteElo "2415"]
[BlackElo "2221"]
[PlyCount "93"]

1. e4 c5 2. c3 Nf6 3. e5 Nd5 4. d4 cxd4 5. Nf3 e6 6. cxd4 b6
7. Bd3 Bb4+ 8. Bd2 Bxd2+ 9. Nfxd2 Ba6 10. Ne4 O-O 11. Nbc3
Bxd3 12. Qxd3 Nc6 13. O-O f5 14. Nd6 Nf4 15. Qg3 Ng6 16. Rad1
f4 17. Qg4 Qh4 18. Qxh4 Nxh4 19. Rfe1 Ng6 20. a3 h5 21. f3 a6
22. Kf2 b5 23. Re2 Rfb8 24. Nce4 b4 25. a4 b3 26. Nc5 Rb4
27. Red2 Ra7 28. Rd3 Kh7 29. R1d2 Na5 30. Rc3 Ne7 31. Rc1 Nd5
32. g3 Nc6 33. Nxe6 dxe6 34. Rxc6 Rxa4 35. Ne4 fxg3+ 36. hxg3
Ra2 37. Rxe6 Ra8 38. Rd6 Nb4 39. e6 Re8 40. e7 Kg8 41. Ng5
Nd3+ 42. Rxd3 Rxb2+ 43. Kf1 Rb1+ 44. Kg2 b2 45. Rb3 Re1
46. Rxb2 R1xe7 47. Rxa6 1-0

[Event "TCh-FRA Top 16 Gp A"]
[Site "Clichy FRA"]
[Date "2006.02.04"]
[EventDate "2006.02.03"]
[Round "2"]
[Result "1/2-1/2"]
[White "Thomas R J Hinks-Edwards"]
[Black "Marie Sebag"]
[WhiteElo "2343"]
[BlackElo "2415"]
[PlyCount "68"]

1.e4 e5 2.Nf3 Nc6 3.Bb5 a6 4.Ba4 Nf6 5.O-O b5 6.Bb3 Bc5 7.d3
h6 8.a4 Rb8 9.Be3 d6 10.h3 O-O 11.Nc3 Re8 12.axb5 axb5 13.Ne2
Be6 14.Bxe6 Rxe6 15.Bxc5 dxc5 16.Ng3 Kh7 17.Qe2 Ra8 18.Qe3 Nd4
19.Nxd4 cxd4 20.Qd2 Rea6 21.Rxa6 Rxa6 22.f4 Nd7 23.Qb4 exf4
24.Qxb5 Rg6 25.Ne2 Rg5 26.Qb3 Ne5 27.Nxf4 c5 28.Qb7 Rg3 29.Qd5
Qg5 30.Kh1 Qf6 31.Kg1 Qg5 32.Kh1 Qf6 33.Kg1 Qg5 34.Kh1 Qf6
1/2-1/2

[Event "TCh-FRA Top 16 Gp A"]
[Site "Clichy FRA"]
[Date "2006.02.05"]
[EventDate "?"]
[Round "3"]
[Result "1-0"]
[White "Marie Sebag"]
[Black "Sophie Milliet"]
[WhiteElo "2415"]
[BlackElo "2328"]
[PlyCount "103"]

1. e4 c5 2. c3 Nf6 3. e5 Nd5 4. d4 cxd4 5. Nf3 Nc6 6. cxd4 d6
7. Bc4 Nb6 8. Bb5 d5 9. Nh4 e6 10. Qg4 Bd7 11. Bxc6 Bxc6
12. O-O Bb5 13. Rd1 Qd7 14. Nc3 O-O-O 15. b3 Kb8 16. a4 Ba6
17. Nf3 Bb4 18. Bb2 Rc8 19. Rdc1 Bd3 20. Qxg7 h5 21. Qg5 Rcg8
22. Qe3 Bf5 23. Ba3 Bxa3 24. Rxa3 a6 25. a5 Nc8 26. Na4 Ne7
27. Nb6 Qd8 28. Qe2 Bh3 29. g3 Bg4 30. b4 Nf5 31. Qd2 Qe7
32. Rc5 h4 33. Rac3 hxg3 34. fxg3 Ka7 35. Ne1 Kb8 36. Qf4 Bh3
37. Nc2 Nh4 38. Qf6 Qxf6 39. Nd7+ Ka7 40. Nxf6 Rg5 41. Rc7 Rf5
42. Ne3 Nf3+ 43. Kf2 Nxd4+ 44. Nxf5 Bxf5 45. h4 Nb5 46. Rc8 d4
47. R3c5 Rxc8 48. Rxc8 Nc3 49. Rd8 d3 50. g4 Ne4+ 51. Nxe4
Bxe4 52. Ke3 1-0